Attaining the Millennium Development Goals in Bangladesh : (Record no. 4208)
[ view plain ]
| 000 -LEADER | |
|---|---|
| fixed length control field | 01222cam a2200277Ia 4500 |
| 001 - CONTROL NUMBER | |
| control field | 4208 |
| 003 - CONTROL NUMBER IDENTIFIER | |
| control field | BD-DhEWU |
| 005 - DATE AND TIME OF LATEST TRANSACTION | |
| control field | 20140511132718.0 |
| 008 - FIXED-LENGTH DATA ELEMENTS--GENERAL INFORMATION | |
| fixed length control field | 050816s2005 bg ad g b 000 0 en d |
| 035 ## - SYSTEM CONTROL NUMBER | |
| System control number | (OCoLC)123339804 |
| 040 ## - CATALOGING SOURCE | |
| Original cataloging agency | BD-DhEWU |
| Modifying agency | BD-DhEWU |
| Language of cataloging | eng |
| Transcribing agency | BD-DhEWU |
| 041 ## - LANGUAGE CODE | |
| Language code of text/sound track or separate title | eng |
| 082 04 - DEWEY DECIMAL CLASSIFICATION NUMBER | |
| Classification number | 338.95492 |
| Item number | WOA 2005 |
| 110 ## - MAIN ENTRY--CORPORATE NAME | |
| Corporate name or jurisdiction name as entry element | World Bank,, |
| 9 (RLIN) | 8053 |
| 245 10 - TITLE STATEMENT | |
| Title | Attaining the Millennium Development Goals in Bangladesh : |
| Remainder of title | how likely and what will it take to reduce poverty, child mortality and malnutrition, gender disparities, and to increase school enrollment and completion / |
| 260 ## - PUBLICATION, DISTRIBUTION, ETC. (IMPRINT) | |
| Place of publication, distribution, etc | Washington D C : |
| Name of publisher, distributor, etc | World Bank, |
| Date of publication, distribution, etc | 2005 |
| 300 ## - PHYSICAL DESCRIPTION | |
| Extent | xv,83 : |
| Other physical details | ill:tabs., graphs, charts ; |
| Dimensions | 28 cm |
| 526 ## - STUDY PROGRAM INFORMATION NOTE | |
| Program name | Economics |
| 590 ## - LOCAL NOTE (RLIN) | |
| Local note | Sagar Shahanawaz |
| 651 ## - SUBJECT ADDED ENTRY--GEOGRAPHIC NAME | |
| Geographic name | Bangladesh |
| 9 (RLIN) | 8054 |
| 653 #1 - INDEX TERM--UNCONTROLLED | |
| Uncontrolled term | Economic Policy Economic - Development |
| Uncontrolled term | Economics |
| 856 ## - ELECTRONIC LOCATION AND ACCESS | |
| Materials specified | WorldCat details |
| Uniform Resource Identifier | http://www.worldcat.org/title/attaining-the-millennium-development-goals-in-bangladesh-how-likely-and-what-will-it-take-to-reduce-poverty-child-mortality-and-malnutrition-gender-disparities-and-to-increase-school-enrollment-and-completion/oclc/123339804&referer=brief_results |
| 942 ## - ADDED ENTRY ELEMENTS (KOHA) | |
| Koha item type | Text |
| Source of classification or shelving scheme | Dewey Decimal Classification |
| 953 ## - Fulltext in GSDL | |
| Is Fulltext Available in GSDL? | Not Avaialable |
| Withdrawn status | Lost status | Source of classification or shelving scheme | Damaged status | Not for loan | Collection code | Home library | Current library | Shelving location | Date acquired | Source of acquisition | Cost, normal purchase price | Total Checkouts | Full call number | Barcode | Copy number | Koha item type |
|---|---|---|---|---|---|---|---|---|---|---|---|---|---|---|---|---|
| Dewey Decimal Classification | Not For Loan | Non-fiction | Dr. S. R. Lasker Library, EWU | Dr. S. R. Lasker Library, EWU | Reserve Section | 09/08/2005 | The World Bank | 0.00 | 338.95492 WOA 2005 | 15687 | C-1 | Text |